|
|
|
|
| LEADER |
00000nam0a2200000 4500 |
| 001 |
72693 |
| 005 |
20231031083751.0 |
| 035 |
|
|
|a (RuTPU)RU\TPU\book\77520
|
| 090 |
|
|
|a 72693
|
| 100 |
|
|
|a 20050128d1982 k y0rusy50 ca
|
| 101 |
0 |
|
|a rus
|
| 102 |
|
|
|a uz
|
| 105 |
|
|
|a a z 001zy
|
| 200 |
1 |
|
|a Материалистическая диалектика. Законы и категории
|f М. Б. Митин, А. П. Шептулин, Э. Ю. Юсупов и др.
|g Академия Наук СССР, Институт философии, Академия наук Узбекской ССР, Институт философии и права, Отв. ред. А. П. Шептулин
|
| 210 |
|
|
|a Ташкент
|c Фан
|d 1982
|
| 215 |
|
|
|a 343 с.
|c ил.
|
| 300 |
|
|
|a Авт. указаны на 3-й с.
|
| 610 |
1 |
|
|a материалистическая диалектика
|
| 610 |
1 |
|
|a законы диалектики
|
| 610 |
1 |
|
|a категории диалектики
|
| 610 |
1 |
|
|a диалектические закономерности
|
| 610 |
1 |
|
|a гармония
|
| 610 |
1 |
|
|a основа-обоснованное
|
| 610 |
1 |
|
|a элемент- структура
|
| 610 |
1 |
|
|a элемент-система
|
| 610 |
1 |
|
|a структура-функция
|
| 686 |
|
|
|a А512.2/.8
|2 rubbk
|
| 701 |
|
1 |
|a Митин
|b М. Б.
|g Марк Борисович
|
| 701 |
|
1 |
|a Шептулин
|b А. П.
|g Александр Петрович
|
| 701 |
|
1 |
|a Юсупов
|b Э. Ю.
|
| 701 |
|
1 |
|a Хайруллаев
|b М. М.
|
| 701 |
|
1 |
|a Органова
|b О. Н.
|
| 701 |
|
1 |
|a Малькова
|b Т. П.
|
| 702 |
|
1 |
|a Шептулин
|b А. П.
|g Александр Петрович
|4 340
|
| 712 |
0 |
2 |
|a Академия наук СССР
|b Институт философии (ИФ АН СССР)
|2 stltpush
|3 (RuTPU)RU\TPU\col\11338
|
| 712 |
0 |
2 |
|a Академия наук Узбекской ССР (АН УзССР)
|b Институт философии и права
|2 stltpush
|3 (RuTPU)RU\TPU\col\15652
|
| 801 |
|
1 |
|a RU
|b 63413507
|c 20050128
|g PSBO
|
| 801 |
|
2 |
|a RU
|b 63413507
|c 20201211
|g PSBO
|
| 942 |
|
|
|c BK
|